• 首页
  • 本馆介绍
  • 公告通知
  • 最新文献
  • 馆藏检索
  • 电子资源
  • 读者导购
  • 参考咨询
  • 我的图书馆
  • 登录
  • 详细信息显示
  • 放入我的书架
  • 预约/预借图书
  • 作者相关作品
  • 分类相关作品
  • 丛书相关作品
  • 出版社相关作品

书目信息

  • 表格格式
  • 工作单格式
  • 卡片格式
题名:
诗歌写作入门
    
 
作者: 余德予 著
分册:  
出版信息: 广州   花城出版社  2001.04
页数: 382页
开本: 21cm
丛书名:
单 册:
中图分类: I052
科图分类:
主题词: 诗歌--创作方法
电子资源:
ISBN: 7-5360-3489-X
000 00525nam0 2200193 45
001 0405241563
005 20040203005846.4
010    @a7-5360-3489-X@dCNY19.00
100    @a20040524d2001 km y0chiy0120 ea
101 0  @achi
105    @a z 000yy
200 1  @a诗歌写作入门@AShi Ge Xie Zuo Ru Men@f余德予著@FYu De Yu Zhu
210    @a广州@c花城出版社@d2001.04
215    @a382页@d21cm
606 0  @a诗歌@x创作方法
690    @aI052@v4
701    @a余德予@4著
801    @aCN@bTSTC@c20040524
905    @b333465-469@dI052@e107@f5
    
    诗歌写作入门/余德予著.-广州:花城出版社,2001.04
    382页;21cm
    
    
    ISBN 7-5360-3489-X:CNY19.00
    
●
相关链接 在E读中查询图书 在五车中查询图书 在当当中查询图书 在豆瓣中查询图书


正题名:诗歌写作入门     索取号:I052/107         预约/预借

序号 登录号 条形码 馆藏地/架位号 状态 备注
1 0333465   203334659   第二借阅区/ [索取号:I052/107] 在馆    
2 0333466   203334668   第二借阅区/ [索取号:I052/107] 在馆    
3 0333467   203334677   第二借阅区/ [索取号:I052/107] 在馆    
4 0333468   203334686   第二借阅区/ [索取号:I052/107] 在馆    
5 0333469   203334695   第一样本阅览室/ [索取号:I052/107] 在馆    
唐山师范学院图书馆 欢迎您!
大连网信软件有限公司© 版权所有